000 00443nam a2200169Ia 4500
008 230917s9999||||xx |||||||||||||| ||und||
020 _cRS800
040 _e232892
_aMAIN
041 _aEnglish
082 _a809.89287 A67W
100 _aArora, Deepa
245 0 _aWomen's writing
260 _aJaipur
_bRBSA Publishers
_c2010
300 _avii, 298 p.
500 _a2317 29/03/2016 UBC15/7448 29/03/2016 Women Studies Centre
942 _cBK
999 _c18578
_d18578